000 00613nam a22002057a 4500
005 20260428164746.0
008 260428b |||||||| |||| 00| 0 eng d
020 _a9789386882707
_qpbk
041 _aeng
082 _a343.54052 VID
100 _aK.Singhania,Vinod
245 _aStudents' Guide to Income Tax including GST
_c/Dr. Vinod K. Singhania
250 _a58th ed.
260 _aNew Delhi
_bTaxmann Publications (p.) Ltd.
_c2017
300 _a858p. :
_c27cm.
500 _aAssesment Year 2018-19
650 _aMilitary, tax, trade & industrial law
700 _aSinghania,Monica
942 _cENGLISH
999 _c620294
_d620294